00233nam a2200085Ia 4500008004100000245005600041260002200097440000600119521002200125140130s9999 xx 000 0 und d cBarbara ParkaJunie B. Jones and some Sneaky Peeky bScholastic,c1994 v1 aGrade 1 - Grade 2